000 01050nam a2200241Ia 4500
003 CO-CtgCURN
005 20250506133123.0
008 190725s9999 xx 000 0 und d
020 _a9788492956401
040 _aCO-CtgCURN
_bspa
_ccoctgcurn
082 _a658.409
_bF236g
100 _aFarnham, Alan
245 0 _aForbes :
_bganadores por naturaleza: como superar obstaculos hasta alcanzar la cima /
_cAlan Farnham
260 _aBarcelona, España :
_bProfit Editorial,
_c2011
300 _a105 páginas ;
_c20 centímetros
490 _aColección Grandes Lecciones de Negocios
500 _aLos casos han sido extraidos de los siguientes titulos originales: Forbes Best business mistakes. Forbes Greatest investing stories. Forbes Great success stories. Forbes Greatest business stories of all time.
521 _aAREA BASICA
590 _aTodos los programas acádemicos
650 _aÉxito en los negocios
942 _cBK
_h658.409
_iF236g
_2ddc
_n0
999 _c30274
_d30274